| 000 | 00716nam a2200229 i 4500 | ||
|---|---|---|---|
| 001 | 63731 | ||
| 003 | ES-MaACL | ||
| 005 | 20230906164944.0 | ||
| 007 | t| | ||
| 008 | 031216s1966 sp ||||1| spa d | ||
| 100 | 1 |
_aFieser, Louis F. _950724 |
|
| 245 | 1 | 0 |
_aQuímica orgánica superior / _cLouis F. Fieser & Mary Fieser ; traducción y prólogo Francisco Giral. |
| 250 | _a[1ª ed.]. | ||
| 260 |
_aBarcelona : _bGrijalbo, _c1966. |
||
| 300 |
_a2 v. : _bil. ; _c24 cm. |
||
| 490 | 1 | _aTratados y manuales grijalbo | |
| 700 | 1 |
_aFieser, Mary. _950725 |
|
| 700 | 1 |
_aGiral, Francisco. _957180 |
|
| 830 | 0 |
_aTratados y manuales grijalbo _9184019 |
|
| 852 |
_aES-MaACL _jA-6065-6 _bR.95015 |
||
| 999 |
_c63731 _d63731 |
||